00725nam a2200229Ia 4500003000900000008004100009020001800050040001600068080001600084100002300100245005800123260004800181300001400229650003100243650001900274650003300293650001900326700002700345942000700372999001500379952010100394IN-BaIIA211028s9999 xx 000 0 eng d a0-521-22420-9 cIIA Library a517.91bFLE aFlett, T. M911321 0aDifferential analysiscHannelore Sexl and T. M. Flett aCambridgebCambridge University Pressc1980 avi, 359p. aAnalysis-mathematics91722 aCalculus91611 aDifferential equations91510 aNASA Thesaurus aSexl, Hannelore911322 cBK c6608d6608 00104070aBANbBANcGENd1980-10-06l0o517.91/ FLEp7349r2021-11-05w1980-10-06yBKG£ 7.60